Agricultural Biotechnology (Record no. 17104)
[ view plain ]
| 000 -LEADER | |
|---|---|
| fixed length control field | 00259nam a22001097a 4500 |
| 008 - FIXED-LENGTH DATA ELEMENTS--GENERAL INFORMATION | |
| fixed length control field | 140515t xxu||||| |||| 00| 0 eng d |
| 020 ## - INTERNATIONAL STANDARD BOOK NUMBER | |
| International Standard Book Number | 978-81-89473-23-5 |
| 100 ## - MAIN ENTRY--PERSONAL NAME | |
| Personal name | Hemant Rawat |
| 9 (RLIN) | 860 |
| 245 ## - TITLE STATEMENT | |
| Title | Agricultural Biotechnology |
| 300 ## - PHYSICAL DESCRIPTION | |
| Extent | 277 |
| 942 ## - ADDED ENTRY ELEMENTS (KOHA) | |
| Source of classification or shelving scheme | |
| Koha item type | Book |
| Withdrawn status | Lost status | Source of classification or shelving scheme | Damaged status | Not for loan | Collection code | Permanent Location | Current Location | Date acquired | Total Checkouts | Full call number | Barcode | Date last seen | Price effective from | Koha item type |
|---|---|---|---|---|---|---|---|---|---|---|---|---|---|---|
| Atta-ur-Rahman School of Applied Biosciences (ASAB) | Atta-ur-Rahman School of Applied Biosciences (ASAB) | 05/15/2014 | 630 RAW | ASAB1652 | 05/15/2014 | 05/15/2014 | Book |
